000 00837nam a22001937a 4500
005 20130722111234.0
008 130418s2010 ck a gr 00010 spa d
041 0 _aspa
044 _ack
082 0 4 _a333.72986
_bC78g
245 1 0 _aGuía ecoturística.
260 _aSan Andrés, Providencia y Santa Catalina :
_bCorporación para el Desarrollo Sostenible del Archipiélago de San Andrés Providencia y Santa Catalina. CORALINA,
_c[2010?]
300 _a28 p. :
_bil. ;
_c28 cm.
504 _aIncluye bibliografía.
650 6 _aConservación de los recursos naturales
_z San Andrés y Providencia (Islas, Colombia)
_9696
650 4 _aTurismo ecológico
_z San Andrés y Providencia (Islas, Colombia)
_9697
650 4 _aProtección de los recursos naturales
_z San Andrés y Providencia (Islas, Colombia)
_9698
942 _2ddc
_cIMPRESO
999 _c7406
_d7406